000 00704nam a2200253Ia 4500
003 OSt
005 20220918164507.0
006 a|||||r|||| 00| 0
007 ta
008 220917b |||||||| |||| 00| 0 eng d
020 _a063120542X (hbk)
024 _a37,503
037 _cTextual
040 _aARTS
_cARTS
_beng
041 _2eng
_aeng
082 _aw63k, N8 (FAL/RR)
100 _aSmith Patrick ed
_919159
245 0 _aAfrica confidential
_b Who's who of Southern Africa
260 _aOxford
_bBlackwell Pub
_c1998
300 _avii,234p.
_ccm.
650 _aBIOGRAPHY
_92340
942 _hw63k, N8 (FAL/RR)
_cTEXL
_2CC
999 _c125015
_d125015